000 00578nam a2200229Ia 4500
003 OSt
005 20220923230506.0
006 a|||||r|||| 00| 0
007 ta
008 Pun
024 _a282,510
037 _cTextual
040 _aARTS
_cARTS
_bPun
041 _2Pun
_aPun
082 _aO153,3NATx, L6
100 _aਅਤਰਜੀਤ
245 0 _aਟੁੱਟਦੇ ਬਣਦੇ ਰਿFਤੇ
260 _c1976
650 _aਪੰਜਾਬੀ ਸਾਹਿਤ
942 _hO153,3NATx, L6
_cTEXL
_2CC
999 _c385223
_d385223